Consumer problems in rural areas / (Record no. 18050)
[ view plain ]
| 000 -LEADER | |
|---|---|
| fixed length control field | 00804 am a2200253ua 4500 |
| 001 - CONTROL NUMBER | |
| control field | 007443220 |
| 005 - DATE AND TIME OF LATEST TRANSACTION | |
| control field | 20140302115410.0 |
| 008 - FIXED-LENGTH DATA ELEMENTS--GENERAL INFORMATION | |
| fixed length control field | 821122s1982 xx ab grb 000 0 eng d |
| 020 ## - INTERNATIONAL STANDARD BOOK NUMBER | |
| International Standard Book Number | 0907067107 |
| 040 ## - CATALOGING SOURCE | |
| Original cataloging agency | Uk |
| Transcribing agency | Uk |
| 043 ## - GEOGRAPHIC AREA CODE | |
| Geographic area code | e-uks-- |
| 082 04 - DEWEY DECIMAL CLASSIFICATION NUMBER | |
| Classification number | 381.3409411 |
| Edition number | 22 |
| Item number | MAC |
| 100 1# - MAIN ENTRY--PERSONAL NAME | |
| Personal name | Mackay, G. A. |
| Fuller form of name | (George Anthony) |
| 9 (RLIN) | 35121 |
| 245 10 - TITLE STATEMENT | |
| Title | Consumer problems in rural areas / |
| Statement of responsibility, etc | by G. A. Mackay and G. Laing. |
| 260 ## - PUBLICATION, DISTRIBUTION, ETC. (IMPRINT) | |
| Place of publication, distribution, etc | [S. l.] : |
| Name of publisher, distributor, etc | Scottish Consumer Council, |
| Date of publication, distribution, etc | [1982] |
| 300 ## - PHYSICAL DESCRIPTION | |
| Extent | vi, 145 p. : |
| Other physical details | maps, tables ; |
| Dimensions | 21cm. |
| 504 ## - BIBLIOGRAPHY, ETC. NOTE | |
| Bibliography, etc | Bibliography : p. 142. |
| 650 #0 - SUBJECT ADDED ENTRY--TOPICAL TERM | |
| Topical term or geographic name as entry element | Consumer protection |
| Geographic subdivision | Scotland |
| 9 (RLIN) | 35122 |
| 650 #0 - SUBJECT ADDED ENTRY--TOPICAL TERM | |
| Topical term or geographic name as entry element | Rural services |
| Geographic subdivision | Scotland |
| 9 (RLIN) | 35123 |
| 653 ## - INDEX TERM--UNCONTROLLED | |
| Resource For college | Engineering, General |
| Arrived date list | February2014 |
| 655 ## - INDEX TERM--GENRE/FORM | |
| Form subdivision | |
| -- | 34232 |
| 700 1# - ADDED ENTRY--PERSONAL NAME | |
| Personal name | Laing, G. |
| 9 (RLIN) | 35124 |
| 942 ## - ADDED ENTRY ELEMENTS (KOHA) | |
| Source of classification or shelving scheme | Dewey Decimal Classification |
| Call number prefix | 381.3409411 MAC |
| Withdrawn status | Item status | Source of classification or shelving scheme | Damaged status | Not for loan | Vendor | Home library | Current library | Shelving location | Date acquired | Source of acquisition | Total Checkouts | Full call number | Barcode | Date last seen | Koha item type |
|---|---|---|---|---|---|---|---|---|---|---|---|---|---|---|---|
| Dewey Decimal Classification | Donation-Gift | Central Library | Central Library | First floor | 06/02/2014 | Donation | 381.3409411 MAC | 000035604 | 15/07/2025 | Book - Borrowing |